01488nam a2200277 a 450000500170000000800410001702000180005804000240007604100080010008200190010810000440012724502000017126001000037130000770047149000440054850400420059265000660063465000740070065000700077465100850084470000370092970000390096694200150100599900170102095201730103720170607091247.0111108s2010 ck a gr 00010 spa d a9789589205693 aCO-BoBLA cCO-BoBLA0 aspa04a333.7068bC21e1 aCarmona Hurtado, María Yanetheautora10aEstudio socioeconómico y ambiental de la vereda El Colorado del municipio de Guarne, Antioquia-Colombia / cMaría Yaneth Carmona Hurtado, Rosa Elvia Herrera Cardona y Gabriel Roldán Pérez aBogotá? (Colombia) : bAcademia Colombiana de Ciencias Exactas, Físicas y Naturales,c2010. a154 páginas : bilustraciones (algunas a color), mapas ; c23 x 16 cm.0 aColección Jorge Alvarez Lleras ; v26 aIncluye referencias bibliográficas.26aEconomíazEl Colorado (Vereda, Guarne, Antioquia, Colombia)26aRecursos naturaleszEl Colorado (Vereda, Guarne, Antioquia, Colombia)26aMedio ambientezEl Colorado (Vereda, Guarne, Antioquia, Colombia) 4aEl Colorado (Vereda, Guarne, Antioquia, Colombia)xCondiciones socioeconómicas1 aRoldán-Pérez, Gabrieleautor1 aHerrera Cardona, Rosa Elviaeautor 2ddccLIBRO c19544d19544 00102ddc40708GENERALIINV2017aBogotabBogotad2017-06-07eInstitutog39000.00l0oLB-333.7068 C21ep041363r2017-06-07 00:00:00tEj. 1w2017-06-07xDonacionyLIBRO